| Tag |
First Indicator |
Second Indicator |
Subfields |
| LEADER |
00000cgm a2200000 i 4500 |
| 001 |
in00005576621 |
| 006 |
m o c |
| 007 |
cr |n||||||||a |
| 007 |
vz |za|z| |
| 008 |
160613s2012 nyu009 e o vueng d |
| 005 |
20241201232338.1 |
| 035 |
|
|
|a (OCoLC)ocn954042492
|
| 040 |
|
|
|a ALSTP
|b eng
|e rda
|e pn
|c ALSTP
|d OCLCO
|d OCLCF
|d MERER
|d OCLCQ
|d OCLCO
|d OCLCQ
|d CAUOI
|d OCLCA
|d INT
|d OCLCQ
|d WYU
|d OCLCA
|d OCLCQ
|d OCL
|d OCLCO
|d OCLCA
|d OCL
|d OCLCO
|d OCLCL
|d OCLCQ
|d NUI
|
| 019 |
|
|
|a 1430939937
|a 1443989498
|
| 035 |
|
|
|a (OCoLC)954042492
|z (OCoLC)1430939937
|z (OCoLC)1443989498
|
| 043 |
|
|
|a n-us-fl
|
| 049 |
|
|
|a TXAM
|
| 245 |
0 |
0 |
|a Sunday Morning.
|p Marco Rubio /
|c producer, Alan Golds.
|
| 246 |
3 |
|
|a Campaign 2012 :
|b CBS News: Marco Rubio
|
| 264 |
|
1 |
|a [New York, New York] :
|b Columbia Broadcasting System,
|c 2012.
|
| 300 |
|
|
|a 1 online resource (9 min.)
|
| 306 |
|
|
|a 000921
|
| 336 |
|
|
|a two-dimensional moving image
|b tdi
|2 rdacontent
|
| 337 |
|
|
|a video
|b v
|2 rdamedia
|
| 337 |
|
|
|a computer
|b c
|2 rdamedia
|
| 338 |
|
|
|a other
|b vz
|2 rdacarrier
|
| 338 |
|
|
|a online resource
|b cr
|2 rdacarrier
|
| 347 |
|
|
|a data file
|2 rda
|
| 490 |
0 |
|
|a Academic Video Online
|
| 500 |
|
|
|a Title from resource description page (viewed June 14, 2016).
|
| 520 |
|
|
|a This segment of Sunday Morning is about Marco Rubio.
|
| 546 |
|
|
|a In English.
|
| 600 |
1 |
0 |
|a Rubio, Marco,
|d 1971-
|v Interviews.
|
| 600 |
1 |
7 |
|a Rubio, Marco,
|d 1971-
|2 fast
|0 (OCoLC)fst01916636
|1 https://id.oclc.org/worldcat/entity/E39PBJjdhHqRhQjJtPDRVpMwYP
|
| 650 |
|
0 |
|a Legislators
|z Florida
|v Biography.
|
| 650 |
|
7 |
|a Legislators.
|2 fast
|0 (OCoLC)fst00995828
|
| 651 |
|
7 |
|a Florida.
|2 fast
|0 (OCoLC)fst01205150
|1 https://id.oclc.org/worldcat/entity/E39QbtfRBghXPwB89fbdFYcHbM
|
| 655 |
|
4 |
|a Online media.
|
| 655 |
|
7 |
|a interviews.
|2 aat
|
| 655 |
|
7 |
|a Biographies.
|2 fast
|0 (OCoLC)fst01919896
|
| 655 |
|
7 |
|a Interviews.
|2 fast
|0 (OCoLC)fst01423832
|
| 655 |
|
7 |
|a Television news programs.
|2 fast
|0 (OCoLC)fst01710455
|
| 655 |
|
7 |
|a Television news programs.
|2 lcgft
|
| 655 |
|
7 |
|a Interviews.
|2 lcgft
|
| 655 |
|
7 |
|a Téléjournaux.
|2 rvmgf
|
| 655 |
|
7 |
|a Interviews.
|2 rvmgf
|
| 700 |
1 |
|
|a Golds, Alan,
|e producer.
|
| 700 |
1 |
|
|a O'Donnell, Norah,
|e reporter,
|e interviewer.
|
| 710 |
2 |
|
|a CBS News,
|e production company.
|
| 758 |
|
|
|i has work:
|a Marco Rubio Sunday Morning (MovingImage)
|1 https://id.oclc.org/worldcat/entity/E39PCFx7FPJBFgcX7Yx3T6bR4y
|4 https://id.oclc.org/worldcat/ontology/hasWork
|
| 856 |
4 |
0 |
|u http://proxy.library.tamu.edu/login?url=https://www.aspresolver.com/aspresolver.asp?MARC;3163558
|z Connect to this streaming video (Alexander Street Press)
|t 0
|
| 955 |
|
|
|a Alexander Street Press subscription streaming video
|
| 994 |
|
|
|a 92
|b TXA
|
| 999 |
f |
f |
|s 881c1ef3-7a7f-44ed-8e02-9a53fab36aae
|i 97e15ddf-2ac6-40d9-bbc3-d67898767c54
|t 0
|
| 952 |
f |
f |
|a Texas A&M University
|b College Station
|c Electronic Resources
|d Available Online
|t 0
|h Library of Congress classification
|
| 998 |
f |
f |
|t 0
|l Available Online
|